Представление документа в формате RUSMARC

ПолеНазваниеЗначение
  Тип записи a
  Библиографический уровень m
001 Контрольный номер RU/SLIB/B/208707438
005 Дата корректировки 20240304091051.7
010 Индекс ISBN __
d Цена 17-00
101 Язык документа 0_
a Язык текста rus
c Язык оригинала rus
200 Заглавие и сведения об ответственности 1_
a Заглавие Этика: введение в предмет
e Сведения, относящиеся к заглавию учеб. пособие для вузов
f Первые сведения об ответственности Ю. А. Шрейдер
b Общее обозначение материала Текст
210 Выходные данные 1_
a Место издания М.
c Издательство Текст
d Дата издания 1998
215 Физическое описание __
a Объем 272 с.
320 Библиография __
a Библиография Предм. указ.: с. 260-263
600 Персоналии _1
a Персоналии (Фамилия) Кант, И.
c Дополнение к имени философ немецкий
f Даты 1724-1804
g Полное имя Иммануил
600 Персоналии _1
a Персоналии (Фамилия) Спиноза, Б.
c Дополнение к имени философ нидерландский
f Даты 1632-1677
g Полное имя Бенедикт
600 Персоналии _1
a Персоналии (Фамилия) Толстой, Л. Н.
c Дополнение к имени писатель русский
f Даты 1828-1910
g Полное имя Лев Николаевич
600 Персоналии _1
a Персоналии (Фамилия) Фома Аквинский
c Дополнение к имени философ
f Даты 1225/1226-1274
600 Персоналии _1
a Персоналии (Фамилия) Мейен С.
606 Тематические рубрики __
a Основная рубрика Общие вопросы этики
a Основная рубрика Социальная этика
a Основная рубрика Этика
610 Ключевые слова 0_
a Ключевые слова история; христианство; нравственность; мораль; совесть; этическая система
686 Индексы других классификаций __
2 Код системы rubbks
a Классификационный индекс 87.7я73; ст87.7я73
700 Автор _1
a Фамилия Шрейдер
b Имя Ю. А.
4 Код отношения 070
801 Источник записи _0
a Страна RU
b Организация Муниципальное бюджетное учреждение культуры "Централизованная библиотечная система" г. Сургут (Центральная городская библиотека им. А. С. Пушкина)
g Правила каталогизации ОБ/Бутенко
801 Источник записи _1
a Страна RU
b Организация Муниципальное бюджетное учреждение культуры "Централизованная библиотечная система" г. Сургут (Центральная городская библиотека им. А. С. Пушкина)
g Правила каталогизации ОБ/Бутенко
852 Данные о местонахождении __
j Шифр хранения 87.7я73
c Каталожный индекс 87.7я73
i Авторский знак Ш 86
p Инвентарный номер 74206
901 Тип документа __
t Тип документа m
903 Характеристики (МАРС) __
a Дата передачи 19991225
969 Тип издания __
a Тип издания учебное пособие
990 Данные о заказе (DOS) 00
j Количество экземпляров (DOS) 10
t N записи в КСУ для И/У (DOS) 200001